Endocrine and reproductive systems / (Record no. 115940)

MARC details
000 -LEADER
fixed length control field 00814cam a22002774a 4500
008 - FIXED-LENGTH DATA ELEMENTS--GENERAL INFORMATION
fixed length control field
020 ## - INTERNATIONAL STANDARD BOOK NUMBER
International Standard Book Number 0340885068 (pbk.)
049 ## - LOCAL HOLDINGS (OCLC)
Holding library MAIN
050 00 - LIBRARY OF CONGRESS CALL NUMBER
Classification number QP187
Item number JEW
003 - CONTROL NUMBER IDENTIFIER
control field
005 - DATE AND TIME OF LATEST TRANSACTION
control field 20230120204031.0
040 ## - CATALOGING SOURCE
Transcribing agency NUST
100 1# - MAIN ENTRY--PERSONAL NAME
Personal name Jewels,Caroine
245 14 - TITLE STATEMENT
Title Endocrine and reproductive systems /
Statement of responsibility, etc. by Caroline Jewels and Alexander Tillett
260 ## - PUBLICATION, DISTRIBUTION, ETC.
Place of publication, distribution, etc. London :
Name of publisher, distributor, etc. Edward Arnold (Publishers)Ltd,
Date of publication, distribution, etc. c2005.
300 ## - PHYSICAL DESCRIPTION
Extent 120 p. :
Other physical details ill. (some col.) ;
Dimensions 25 cm.
440 #4 - SERIES STATEMENT/ADDED ENTRY--TITLE
Title One Stop DOC
500 ## - GENERAL NOTE
General note Includes idex.
650 #1 - SUBJECT ADDED ENTRY--TOPICAL TERM
Topical term or geographic name entry element Endocrine glands.
650 #1 - SUBJECT ADDED ENTRY--TOPICAL TERM
Topical term or geographic name entry element Hormones.
650 #1 - SUBJECT ADDED ENTRY--TOPICAL TERM
Topical term or geographic name entry element Reproductive system, Female.
650 #1 - SUBJECT ADDED ENTRY--TOPICAL TERM
Topical term or geographic name entry element Reproductive system, Male.
700 ## - ADDED ENTRY--PERSONAL NAME
Personal name Tillet, Alexander
907 ## - LOCAL DATA ELEMENT G, LDG (RLIN)
a .b10285805
b 03-09-12
c 01-11-10
942 ## - ADDED ENTRY ELEMENTS (KOHA)
Koha item type Ordinary Loan Books
Holdings
Date last seen Total Checkouts Full call number Barcode Cost, replacement price Price effective from Koha item type Lost status Source of classification or shelving scheme Damaged status Not for loan Collection Withdrawn status Home library Current library Shelving location Date acquired Cost, normal purchase price
01/20/2023 7 QP187 JEW 92004015330 80.00 01/20/2023 BOOKS   LCC     NFIC   Medical Medical GEN 01/20/2023 80.00